Länder-Quiz - Statistiken

Allgemein
  • Dieses Quiz wurde 89 mal gespielt
  • Das Durchschnittsergebnis liegt bei 11 aus 15
Antwortstatistiken
Frage Antwort % Korrekt
Das Land hat mehr als 100 Millionen Einwohner Bangladesch
100%
Dieses Land wird über 50% von Wald bedeckt. Indonesien
100%
Dieses Land hat mit Irland die meisten ESC-Siege. Schweden
100%
Das Land hat eine Durchschnittshöhe von über 1000m. Afghanistan
90%
Mit einem Ausaß von über 250.000 Kilometern hat dieses Land mit Abstand die längste Küstenlinie. Kanada
90%
Der Fluss Donau durchquert dieses Land. Österreich
80%
Dieses Land war 1800 unabhängig. Äthiopien
70%
Das Land liegt auf dem Äquator. Demokratische Republik Kongo
70%
Die Hauptstadt dieses Landes endet auf "r". El Salvador
70%
Das Land gehört zum Commonwealth of Nations. Malawi
70%
Dieses Land hat ein höheres BIP als Deutschland. China
60%
Die Karpaten befinden z. T. in diesem Land. Slowakei
60%
Das Land verlor den 1. Weltkrieg. Osmanisches Reich
40%
Das Tempolimit auf Autobahnen in diesem Land beträgt über 130 km/h. Polen
40%
Dieses Land erkennt Palästina als unabhängigen Staat an. Irland
30%
Keine übereinstimmenden Quizze gefunden
Verteilung der Resultate
Anzahl Personen mit jedem Resultat
Perzentil nach korrekt beantworteten Fragen
Ihre Resultats-Entwicklung
Sie haben dieses Quiz noch nicht gespielt